[Event "Leuven op 34th"]
[Site "Leuven"]
[Date "2023.11.09"]
[Round "1"]
[White "Pirard, Natan"]
[Black "De Vries, Leon"]
[Result "1-0"]
[WhiteElo "2309"]
[BlackElo "1937"]
[PlyCount "53"]
[EventDate "2023.11.09"]
[EventType "swiss"]
[EventRounds "7"]
[EventCountry "BEL"]
[SourceTitle "CB46_2023"]
[SourceDate "2023.11.15"]
[SourceVersion "1"]
[SourceVersionDate "2023.11.15"]
[SourceQuality "1"]

1. e4 c5 2. Nf3 Nc6 3. Bb5 g6 4. 0-0 Bg7 5. c3 e5 6. d4 cxd4 7. cxd4 exd4 8. Bf4 a6 9. Ba4 Nge7 10. Bd6 b6 11. Nbd2 Bb7 12. e5 Nf5 13. Ne4 Na5 14. Nfg5 Bd5 15. Re1 b5 16. Bb3 Nxb3 17. axb3 h6 18. Nf6+ Bxf6 19. exf6+ Be6 20. Ne4 Qb6 21. Bc5 Qc6 22. Rc1 Qd5 23. Qf3 d6 24. Nxd6+ Kd7 25. Qxd5 Bxd5 26. Nxf5 gxf5 27. Re7+ 1-0

[Event "Krefeld op"]
[Site "Krefeld"]
[Date "2023.08.05"]
[Round "7"]
[White "De Vries, Leon"]
[Black "Bahr, Jan Hendrik"]
[Result "0-1"]
[WhiteElo "1926"]
[BlackElo "1709"]
[PlyCount "59"]
[EventDate "2023.08.02"]
[EventType "swiss"]
[EventRounds "9"]
[EventCountry "GER"]
[SourceTitle "CBM 215 Extra"]
[Source "ChessBase"]
[SourceDate "2023.09.30"]
[SourceVersion "1"]
[SourceVersionDate "2023.09.30"]
[SourceQuality "1"]

1. Nf3 Nf6 2. g3 d5 3. Bg2 c6 4. 0-0 Bf5 5. c4 e6 6. cxd5 exd5 7. d3 Be7 8. Qb3 Qb6 9. Qc2 h6 10. Nc3 Bh7 11. e4 dxe4 12. dxe4 0-0 13. Be3 Qc7 14. Rac1 Nbd7 15. Nd4 Rfe8 16. Qe2 Bf8 17. f3 a6 18. Rfd1 Rad8 19. Bh3 Qb8 20. Nf5 Nc5 21. Bf4 Qa7 22. Qf2 Bxf5 23. Bxf5 Qa8 24. Qe3 Ne6 25. Bxe6 Rxe6 26. Qb6 Nd7 27. Qc7 Bc5+ 28. Kg2 Bb6 29. Nd5 Bxc7 30. Nxc7 0-1

[Event "Krefeld op"]
[Site "Krefeld"]
[Date "2023.08.04"]
[Round "5"]
[White "De Vries, Leon"]
[Black "Siol, Juergen"]
[Result "1/2-1/2"]
[WhiteElo "1926"]
[BlackElo "1675"]
[PlyCount "76"]
[EventDate "2023.08.02"]
[EventType "swiss"]
[EventRounds "9"]
[EventCountry "GER"]
[SourceTitle "CBM 215 Extra"]
[Source "ChessBase"]
[SourceDate "2023.09.30"]
[SourceVersion "1"]
[SourceVersionDate "2023.09.30"]
[SourceQuality "1"]

1. Nf3 c5 2. g3 b6 3. Bg2 Bb7 4. c4 g6 5. Nc3 Bg7 6. 0-0 Nf6 7. Rb1 0-0 8. a3 d6 9. e3 Qd7 10. Qc2 e6 11. Rd1 Rd8 12. b4 Qe7 13. d4 Na6 14. Bd2 Rac8 15. dxc5 dxc5 16. b5 Nb8 17. e4 h6 18. Bf4 Ne8 19. Be5 f6 20. Bxb8 Rxb8 21. e5 Kh7 22. Rxd8 Rxd8 23. Nh4 f5 24. Bxb7 Qxb7 25. f4 Bf8 26. Rd1 Be7 27. Ng2 Kg7 28. Rxd8 Bxd8 29. Qd3 Be7 30. a4 Kf7 31. Kf2 Ng7 32. h3 Ne8 33. g4 Ng7 34. gxf5 Nxf5 35. Ne4 Kg7 36. Ne3 Bh4+ 37. Ke2 Nd4+ 38. Kd1 a5 1/2-1/2

[Event "Eindhoven WLC op 12th"]
[Site "Eindhoven"]
[Date "2022.05.15"]
[Round "5"]
[White "Klapwijk, Leo"]
[Black "De Vries, Leon"]
[Result "1-0"]
[WhiteElo "1828"]
[BlackElo "1951"]
[PlyCount "66"]
[EventDate "2022.05.13"]
[EventType "swiss"]
[EventRounds "6"]
[EventCountry "NED"]
[SourceTitle "CBM 208 Extra"]
[Source "ChessBase"]
[SourceDate "2022.07.31"]
[SourceVersion "1"]
[SourceVersionDate "2022.07.31"]
[SourceQuality "1"]

1. e4 c5 2. Nc3 Nc6 3. f4 g6 4. Nf3 Bg7 5. d3 d6 6. Be3 Nd4 7. h3 e6 8. Bf2 a6 9. Rb1 Ne7 10. Be2 Nec6 11. a3 b5 12. Na2 Nxf3+ 13. Bxf3 Nd4 14. c3 Nxf3+ 15. Qxf3 Bb7 16. 0-0 Rc8 17. Qe2 0-0 18. Rbc1 f5 19. exf5 exf5 20. c4 Re8 21. Qc2 Kh8 22. Nc3 b4 23. axb4 cxb4 24. Ne2 b3 25. Qd2 d5 26. Bd4 Bxd4+ 27. Nxd4 Qb6 28. Qc3 dxc4 29. dxc4 Bd5 30. c5 Qa7 31. Nxf5+ Kg8 32. Nh6+ Kf8 33. Qh8+ Ke7 1-0

[Event "Reinstorf op"]
[Site "Reinstorf"]
[Date "2022.02.04"]
[Round "7"]
[White "Semling, Johannes"]
[Black "De Vries, Leon"]
[Result "0-1"]
[WhiteElo "1765"]
[BlackElo "1988"]
[PlyCount "100"]
[EventDate "2022.01.29"]
[EventType "swiss"]
[EventRounds "9"]
[EventCountry "GER"]
[SourceTitle "CBM 206 Extra"]
[Source "ChessBase"]
[SourceDate "2022.03.31"]
[SourceVersion "1"]
[SourceVersionDate "2022.03.31"]
[SourceQuality "1"]

1. e4 c5 2. Ne2 Nc6 3. d4 cxd4 4. Nxd4 Nf6 5. Nc3 e5 6. Ndb5 d6 7. Nd5 Nxd5 8. exd5 Nb8 9. c4 Be7 10. Be2 0-0 11. 0-0 a6 12. Nc3 f5 13. f4 Nd7 14. Kh1 Bf6 15. Rb1 g6 16. Qc2 exf4 17. Bxf4 Be5 18. b4 Bxf4 19. Rxf4 b6 20. Rbf1 Ne5 21. Bd3 Ra7 22. Ne2 Ng4 23. Qd2 Qh4 24. h3 g5 25. R4f3 Ne5 26. R3f2 Raf7 27. Qc2 f4 28. Nd4 Bxh3 29. gxh3 Qxh3+ 30. Rh2 Qxd3 31. Qxd3 Nxd3 32. Ne6 g4 33. Nxf8 Kxf8 34. Rh4 Ne5 35. c5 bxc5 36. bxc5 dxc5 37. Kg2 Nc4 38. Rc1 Ne3+ 39. Kf2 c4 40. d6 c3 41. Rh5 Rd7 42. Rh6 Kg7 43. Re6 c2 44. Ke2 h5 45. Kd3 g3 46. Ke4 g2 47. Re7+ Rxe7+ 48. dxe7 Kf7 49. Kxf4 Nf1 50. Re1 Ke8 0-1

[Event "EU-Cup Online Gr-C"]
[Site "Tornelo INT"]
[Date "2021.03.27"]
[Round "1.4"]
[White "De Vries, Leon"]
[Black "Krejci, Jan1111"]
[Result "0-1"]
[WhiteElo "2021"]
[BlackElo "2540"]
[PlyCount "88"]
[EventDate "2021.03.27"]
[EventType "team-tourn (rapid)"]
[EventRounds "9"]
[EventCountry "NET"]
[SourceTitle "CBM 201 Extra"]
[Source "ChessBase"]
[SourceDate "2021.05.31"]
[SourceVersion "1"]
[SourceVersionDate "2021.05.31"]
[SourceQuality "1"]
[WhiteTeam "Limburg Zuid"]
[BlackTeam "Cesky Lev"]
[WhiteTeamCountry "NED"]
[BlackTeamCountry "CZE"]

1. Nf3 Nf6 2. c4 e6 3. g3 a6 4. Bg2 b5 5. b3 Bb7 6. 0-0 Be7 7. Bb2 0-0 8. d3 d6 9. Qc2 Nbd7 10. Nbd2 c5 11. Rfd1 Rc8 12. Rac1 Qb6 13. e3 Qa7 14. Qb1 h6 15. d4 cxd4 16. Bxd4 Qa8 17. Nh4 bxc4 18. Nxc4 Ne4 19. Ba1 Rfd8 20. Na5 Rxc1 21. Rxc1 Bd5 22. Qc2 Bxh4 23. gxh4 Nec5 24. Bxd5 Qxd5 25. Rd1 Qa8 26. Rxd6 Ne4 27. Rd4 Ndf6 28. Nc6 Rxd4 29. Bxd4 Qb7 30. f3 Nd6 31. Bxf6 gxf6 32. Kf2 Qb5 33. Ne7+ Kf8 34. Qc7 Ne8 35. Qa7 Qe5 36. f4 Qd6 37. Nc8 Qa3 38. Kf3 f5 39. h5 Nf6 40. Nb6 Qd6 41. Nc4 Qd1+ 42. Kf2 Ne4+ 43. Kg2 Qe2+ 44. Kh3 Qg4# 0-1

[Event "EU-Cup Online Gr-C"]
[Site "Tornelo INT"]
[Date "2021.03.27"]
[Round "2.4"]
[White "Guerrero Olmos, Sergio"]
[Black "De Vries, Leon"]
[Result "1-0"]
[WhiteElo "2372"]
[BlackElo "2021"]
[PlyCount "67"]
[EventDate "2021.03.27"]
[EventType "team-tourn (rapid)"]
[EventRounds "9"]
[EventCountry "NET"]
[SourceTitle "CBM 201 Extra"]
[Source "ChessBase"]
[SourceDate "2021.05.31"]
[SourceVersion "1"]
[SourceVersionDate "2021.05.31"]
[SourceQuality "1"]
[WhiteTeam "Gijon 64"]
[BlackTeam "Limburg Zuid"]
[WhiteTeamCountry "ESP"]
[BlackTeamCountry "NED"]

1. d4 Nf6 2. Nf3 g6 3. Bf4 c5 4. e3 cxd4 5. exd4 Bg7 6. c3 d6 7. Be2 0-0 8. 0-0 Nfd7 9. h3 e5 10. Bh2 f5 11. Na3 Nc6 12. Nb5 Nb6 13. Qb3+ Kh8 14. a4 a6 15. Nxd6 Qxd6 16. Qxb6 Rd8 17. dxe5 Qe7 18. Bc4 Be6 19. Bxe6 Qxe6 20. Rad1 Rd7 21. Ng5 Qe7 22. Rxd7 Qxd7 23. e6 Qe7 24. Nf7+ Kg8 25. Re1 Nd8 26. Bd6 Qe8 27. Nxd8 Rxd8 28. c4 Bxb2 29. c5 Bd4 30. Qxb7 Qxa4 31. Qf7+ Kh8 32. e7 Re8 33. Qf8+ Rxf8 34. exf8Q# 1-0

[Event "Groningen op-B 57th"]
[Site "Groningen"]
[Date "2019.12.27"]
[Round "6"]
[White "De Vries, Leon"]
[Black "Van der Meer, Henk"]
[Result "1-0"]
[WhiteElo "1934"]
[BlackElo "1785"]
[PlyCount "85"]
[EventDate "2019.12.21"]
[EventType "swiss"]
[EventRounds "9"]
[EventCountry "NED"]
[SourceTitle "CBM 194 Extra"]
[Source "ChessBase"]
[SourceDate "2020.03.31"]
[SourceVersion "1"]
[SourceVersionDate "2020.03.31"]
[SourceQuality "1"]

1. d4 Nf6 2. c4 g6 3. Nc3 Bg7 4. Nf3 0-0 5. Bg5 d6 6. e3 Nbd7 7. Be2 a6 8. Qc2 Rb8 9. 0-0 c6 10. b4 Re8 11. Rfd1 Nf8 12. h3 h6 13. Bh4 g5 14. Bg3 Ng6 15. Bd3 Nf8 16. Nd2 Be6 17. Bf5 Qd7 18. Bxe6 Qxe6 19. Nce4 Rbc8 20. Nxf6+ Qxf6 21. Rab1 Ng6 22. a4 h5 23. b5 axb5 24. axb5 Qe6 25. Qe4 Qd7 26. bxc6 bxc6 27. Nf3 f5 28. Qc2 h4 29. Bh2 g4 30. hxg4 fxg4 31. Qxg6 gxf3 32. gxf3 Rf8 33. Qg4 e6 34. Bf4 Rf6 35. Kh2 Rcf8 36. Rg1 Kh7 37. d5 cxd5 38. cxd5 Qe7 39. Bg5 exd5 40. Bxf6 Rxf6 41. Qh5+ Bh6 42. Qxd5 Qe5+ 43. Qxe5 1-0

[Event "Groningen op-B 57th"]
[Site "Groningen"]
[Date "2019.12.26"]
[Round "5"]
[White "Akotchik, Victor"]
[Black "De Vries, Leon"]
[Result "1-0"]
[WhiteElo "2095"]
[BlackElo "1934"]
[PlyCount "85"]
[EventDate "2019.12.21"]
[EventType "swiss"]
[EventRounds "9"]
[EventCountry "NED"]
[SourceTitle "CBM 194 Extra"]
[Source "ChessBase"]
[SourceDate "2020.03.31"]
[SourceVersion "1"]
[SourceVersionDate "2020.03.31"]
[SourceQuality "1"]

1. e4 c5 2. Nf3 d6 3. Nc3 a6 4. d4 cxd4 5. Nxd4 Nf6 6. Bc4 e6 7. Qe2 b5 8. Bb3 Be7 9. g4 b4 10. Na4 Bb7 11. f3 Nc6 12. Be3 Qa5 13. Nxc6 Bxc6 14. Nb6 Rb8 15. g5 Nd7 16. Nxd7 Kxd7 17. Qd2 Qe5 18. 0-0-0 a5 19. Bf4 Qc5 20. Be3 Qb5 21. Qd4 e5 22. Qd2 Rhf8 23. Qg2 a4 24. Bd5 Bxd5 25. Rxd5 Qc4 26. Kb1 Rfc8 27. h4 b3 28. cxb3 axb3 29. a3 Qc2+ 30. Qxc2 Rxc2 31. Bd2 Kc6 32. Rd3 Rc4 33. Bb4 Kd7 34. Rhd1 Rd4 35. Rxd4 exd4 36. Rxd4 Ke6 37. Rd3 h6 38. f4 hxg5 39. hxg5 g6 40. Rxb3 d5 41. exd5+ Kxd5 42. Rd3+ Ke4 43. Rc3 1-0

[Event "Eindhoven WLC op 10th"]
[Site "Eindhoven"]
[Date "2019.05.26"]
[Round "5"]
[White "De Vries, Leon"]
[Black "Grooten, Herman"]
[Result "0-1"]
[WhiteElo "1707"]
[BlackElo "2334"]
[PlyCount "64"]
[EventDate "2019.05.24"]
[EventType "swiss"]
[EventRounds "6"]
[EventCountry "NED"]
[SourceTitle "CBM 190 Extra"]
[Source "ChessBase"]
[SourceDate "2019.07.15"]
[SourceVersion "1"]
[SourceVersionDate "2019.07.15"]
[SourceQuality "1"]

1. d4 Nf6 2. c4 e6 3. g3 c5 4. d5 exd5 5. cxd5 d6 6. Nc3 g6 7. Bg2 Bg7 8. Nf3 0-0 9. 0-0 a6 10. a4 Nbd7 11. Bf4 Qc7 12. Re1 Re8 13. e4 Ng4 14. Rc1 Nde5 15. Nxe5 Nxe5 16. b3 Bg4 17. f3 Bd7 18. Bf1 Qa5 19. Bd2 b5 20. Kg2 Qb6 21. h3 f5 22. f4 Nf7 23. exf5 gxf5 24. Kh2 Rxe1 25. Bxe1 Re8 26. Bf2 Nh6 27. axb5 Qa5 28. Qh5 axb5 29. Qf3 Qa3 30. Rb1 c4 31. bxc4 b4 32. Qh5 Qxc3 0-1